Statistiche per Capitali degli Stati Uniti

Clicka qui per fare il quiz!

Statistiche generali

  • Questo quiz è stato fatto 70 volte
  • Il punteggio medio è 31 su 50

Statistiche sulle risposte

StatoCapitale% Corretto
CaliforniaSacramento
90%
MassachusettsBoston
87%
ColoradoDenver
87%
ArizonaPhoenix
82%
TexasAustin
77%
HawaiiHonolulu
77%
IndianaIndianapolis
74%
AlaskaJuneau
74%
OklahomaOklahoma City
74%
GeorgiaAtlanta
72%
ArkansasLittle Rock
72%
FloridaTallahassee
72%
New YorkAlbany
69%
AlabamaMontgomery
67%
OregonSalem
67%
Nuovo MessicoSanta Fe
67%
IllinoisSpringfield
67%
IdahoBoise
64%
OhioColumbus
64%
IowaDes Moines
64%
MississippiJackson
64%
KansasTopeka
64%
MarylandAnnapolis
62%
ConnecticutHartford
62%
TennesseeNashville
62%
UtahSalt Lake City
62%
Dakota del NordBismarck
59%
NevadaCarson City
59%
MontanaHelena
59%
WashingtonOlympia
59%
Dakota del SudPierre
59%
MaineAugusta
56%
Carolina del NordRaleigh
56%
WyomingCheyenne
54%
Carolina del SudColumbia
54%
DelawereDover
54%
NebraskaLincoln
54%
MinnesotaSaint Paul
54%
LouisianaBaton Rouge
51%
KentuckyFrankfort
51%
New JerseyTrenton
51%
MichiganLansing
49%
VermontMontpellier
49%
MissouriJefferson City
46%
VirginiaRichmond
46%
New HampshireConcord
44%
PennsylvaniaHarrisburg
44%
WisconsinMadison
44%
Virginia OccidentaleCharleston
41%
Rhode IslandProvidence
41%

Distribuzione punteggi

Percentile per numero di risposta

Percentuale di utenti per punteggio

I tuoi punteggi nel tempo

Non hai fatto questo quiz